[Event "Budapest FS08 FM-A2"]
[Site "Budapest"]
[Date "2013.08.09"]
[Round "6"]
[White "Gruter, Martin"]
[Black "Bartha, Sandor"]
[Result "0-1"]
[WhiteElo "1854"]
[BlackElo "2135"]
[PlyCount "88"]
[EventDate "2013.08.03"]
[EventType "tourn"]
[EventRounds "10"]
[EventCountry "HUN"]
[SourceTitle "CBM 155 Extra"]
[Source "ChessBase"]
[SourceDate "2013.08.26"]
[SourceVersion "1"]
[SourceVersionDate "2013.08.26"]
[SourceQuality "1"]

1. d4 d5 2. c4 c6 3. Nf3 Nf6 4. Nc3 dxc4 5. a4 Bf5 6. Ne5 Nbd7 7. Nxc4 e6 8. f3 Bb4 9. e4 Bg6 10. Be2 0-0 11. 0-0 h6 12. Qb3 a5 13. Na2 c5 14. Nxb4 cxb4 15. Bf4 Ne8 16. Rac1 Kh8 17. Nd6 Qb6 18. Nb5 f5 19. Be3 Qd8 20. exf5 exf5 21. Bf4 Bf7 22. Bc4 Bxc4 23. Qxc4 Ra6 24. Qd5 Rg6 25. Qxb7 Nb6 26. Qa6 Qh4 27. Be5 Qg5 28. Rc2 Nc4 29. Qb7 Ne3 30. f4 Qh4 31. Rc8 Nxf1 32. Kxf1 Qxh2 33. Nd6 Qh1+ 34. Kf2 Qh4+ 35. Ke2 Qg4+ 36. Kd2 Nxd6 37. Rxf8+ Kh7 38. Bxd6 Rxd6 39. Kd3 Qd1+ 40. Kc4 Qxd4+ 41. Kb5 Rd5+ 42. Ka6 Qc4+ 43. Qb5 Rxb5 44. axb5 a4 0-1